01889nam a2200229Ia 450000500170000000800410001704000550005804100080011324500760012126000590019730000100025650801400026651101620040652004480056854600700101658603930108665000250147965000200150465000170152470000290154185600890157020230130091744.0130821s2004 xxu gs eng  aCo-BoUCMbspacDeissy Garcia (modificó)d[Nuevo]00aeng00aEternal sunshine of the spotless mindcdirección Michel Gondryh[DVD] aWashington D.C. (Estados Unidos)bFocus Featuresc2004 a1 DVD aDIRECTOR Michel Gondry ; GUIÓN Charlie Kaufman (Historia: Charlie Kaufman, Michel Gondry, Pierre Bismuth) ; FOTOGRAFÍA Ellen Kuras aJim Carrey, Kate Winslet, Kirsten Dunst, Mark Ruffalo, Elijah Wood, Tom Wilkinson, Thomas Jay Ryan, Gerry Robert Byrne, Jane Adams, David Cross, Ryan Whitney aJoel (Jim Carrey) se queda asombrado y aturdido cuando se entera de que su novia Clementine (Kate Winslet) ha borrado de su cerebro los recuerdos de su tumultuosa relación. Desesperado, Joel se pone en contacto con el inventor del proceso, el doctor Howard Mierzwiak (Tom Wilkinson) para eliminar cualquier recuerdo de Clementine de su propia memoria. Pero resulta que, mientras los recuerdos desaparecen, renace en Joel su pasión inicial. aAudio en inglés y francés ; subtítulos español, francés a2004: 1 Oscar: Mejor guión original. 2 nominaciones 2004: 4 nominaciones al Globo de Oro, incluyendo mejor película comedia o musical 2004: BAFTA: Mejor montaje, guión original. 6 nominaciones 2004: Nominada al Cesar: Mejor película extranjera 2004: National Board of Review: Mejor guión original (Charlie Kaufman) 2004: Toronto: Mejor director (Michel Gondry), guión original04aAmor en el cinevDVD04aEntretenimiento04aMemoriavDVD1 aGondry, Micheledirector04uhttp://www.youtube.com/watch?v=lnSgSe2GzDczSiga este vínculo para ver el trailer.